| 000 | 00497nam a2200169 a 4500 | ||
|---|---|---|---|
| 001 | 3563 | ||
| 003 | CDMR | ||
| 005 | 20131210133338.0 | ||
| 008 | 130130s1979||||||||||||||||||||||||||||d | ||
| 040 |
_aCDMR _bcat _cCPC GIRONA |
||
| 100 | 1 |
_aSingh, Jagjit _92547 |
|
| 245 | 1 | 0 |
_aTeoría de la información, del lenguaje y de la cibernética _cJagjit Singh; trad. por Ana Julia Garriga Trillo |
| 250 | _a3a ed. | ||
| 260 |
_c1979 _bAlianza _aMadrid |
||
| 490 | 0 |
_aAlianza universidad _v29 |
|
| 942 |
_cMON _2udc |
||
| 999 |
_c3563 _d3563 |
||